Eight Letter Words A-Z - Statistics

General Stats
  • This quiz has been taken 116 times
  • The average score is 14 of 26
Answer Stats
Hint Answer % Correct
B wrist-worn jewelry bracelet
94%
P ____ Table of Elements periodic
90%
G 1,073,741,824 bytes gigabyte
85%
A hit one palm against the other, repeatedly, to create this applause
80%
L angle indicating distance from the equator latitude
80%
E comes in Asian and African varieties elephant
78%
S material used in breast enlargement silicone
75%
T Italian dessert with sponge, marscapone, coffee, chocolate tiramisù
74%
W in the direction of the setting sun westward
73%
R what trains run on, in USA railroad
70%
V spinal bone vertebra
68%
Z cucumber-like vegetable zucchini
66%
O apparent contradiction, eg deafening silence oxymoron
51%
D ornamental bottle holding brandy, etc decanter
48%
F your birthday if you've just become a quinquagenerian fiftieth
45%
N irritation or annoyance nuisance
35%
K small, special token of affection keepsake
33%
X rock fragment foreign to the igneous rock it is embedded in x{eno}lith
33%
Q quarter of a circle quadrant
31%
U hurriedly urgently
30%
C raised road across wet ground causeway
28%
H Scottish New Years' Eve Hogmanay
28%
M where explosives are stored magazine
18%
Y grand champion sumo wrestler yokozuna
15%
J shrub variety, Japanese of course japonica
13%
I absolutely furious incensed
12%
No matching quizzes found
Score Distribution
Percent of People with Each Score
Percentile by Number Answered
Your Score History
You have not taken this quiz